000 00551nam a2200229Ia 4500
003 OSt
005 20221007082558.0
006 a|||||r|||| 00| 0
007 ta
008 221006b |||||||| |||| 00| 0 eng d
024 _a7,880
037 _cTextual
040 _aFLL
_cFLL
_beng
041 _2eng
_aeng
082 _aZ,91, N7
100 _aMorrison Wayne Au.
_9699172
245 0 _aJurisprudence law
260 _c1997
300 _a576p
_ccm.
942 _hZ,91, N7
_cTEXL
_2CC
999 _c1166932
_d1166932